El Cristo de Velázquez / (Record no. 180902)
[ view plain ]
| 000 -LEADER | |
|---|---|
| campo de control de longitud fija | 01565nam a2200337 i 4500 |
| 001 - NÚMERO DE CONTROL | |
| campo de control | 180902 |
| 003 - IDENTIFICADOR DE NÚMERO DE CONTROL | |
| campo de control | ES-MaACL |
| 005 - FECHA Y HORA DE LA ÚLTIMA TRANSACCIÓN | |
| campo de control | 20250817152142.0 |
| 008 - DATOS DE LONGITUD FIJA--INFORMACIÓN GENERAL | |
| campo de control de longitud fija | 120821s2008 sp ac |||| | spa d |
| 020 ## - NÚMERO INTERNACIONAL ESTÁNDAR DEL LIBRO | |
| Número Internacional Estándar del Libro | 978-84-7812-689-7 |
| 080 ## - NÚMERO DE LA CLASIFICACIÓN DECIMAL UNIVERSAL | |
| Número de la Clasificación Decimal Universal | 821.134.2-14"19" |
| 080 ## - NÚMERO DE LA CLASIFICACIÓN DECIMAL UNIVERSAL | |
| Número de la Clasificación Decimal Universal | 821.134.2 Unamuno, Miguel de 7 Cristo de Velázquez.07 |
| 100 1# - ENTRADA PRINCIPAL--NOMBRE DE PERSONA | |
| Nombre de persona | Unamuno, Miguel de, |
| Fechas asociadas al nombre | 1864-1936 |
| 9 (RLIN) | 111982 |
| 245 13 - MENCIÓN DEL TÍTULO | |
| Título | El Cristo de Velázquez / |
| Mención de responsabilidad, etc. | Miguel de Unamuno ; ilustraciones de Santiago Serrano ; edición al cuidado de Mario Hernández. |
| 260 ## - PUBLICACIÓN, DISTRIBUCIÓN, ETC. | |
| Lugar de publicación, distribución, etc. | Madrid : |
| Nombre del editor, distribuidor, etc. | Área de Gobierno de las Artes, |
| Fecha de publicación, distribución, etc. | 2008 ( |
| Fabricante | Imp. Artesanal del Ayuntamiento de Madrid) |
| 300 ## - DESCRIPCIÓN FÍSICA | |
| Extensión | 166 p. : |
| Otras características físicas | il. ; |
| Dimensiones | 22 cm + |
| Material acompañante/anejo | 1 libro anejo (125 p.) |
| 504 ## - NOTA DE BIBLIOGRAFÍA, ETC. | |
| Nota de bibliografía, etc. | Bibliografía: p. 117-123 (libro anejo) |
| 505 8# - NOTA DE CONTENIDO CON FORMATO | |
| Nota de contenido con formato | Libro anejo contiene: El Cristo de Velázquez: creación y creencia / Christopher Maurer (125 p., [1] de lám., il.) |
| 600 14 - PUNTO DE ACCESO ADICIONAL DE MATERIA--NOMBRE DE PERSONA | |
| Nombre de persona | Unamuno, Miguel de, |
| Fechas asociadas al nombre | 1864-1936 |
| 9 (RLIN) | 111982 |
| 700 1# - ENTRADA AGREGADA--NOMBRE PERSONAL | |
| Nombre de persona | Serrano, Santiago. |
| 9 (RLIN) | 105717 |
| 700 1# - ENTRADA AGREGADA--NOMBRE PERSONAL | |
| Nombre de persona | Hernández, Mario, |
| Fechas asociadas al nombre | 1945- |
| 9 (RLIN) | 151331 |
| 700 1# - ENTRADA AGREGADA--NOMBRE PERSONAL | |
| Nombre de persona | Maurer, Christopher, |
| Fechas asociadas al nombre | 1949- |
| 9 (RLIN) | 79238 |
| 710 1# - ENTRADA AGREGADA--NOMBRE DE ENTIDAD CORPORATIVA | |
| Nombre de entidad corporativa o nombre de jurisdicción como elemento de entrada | Madrid. |
| Unidad subordinada | Área de las Artes. |
| 9 (RLIN) | 5569 |
| 710 2# - ENTRADA AGREGADA--NOMBRE DE ENTIDAD CORPORATIVA | |
| Nombre de entidad corporativa o nombre de jurisdicción como elemento de entrada | Imprenta Artesanal del Ayuntamiento de Madrid |
| 9 (RLIN) | 151333 |
| 740 32 - ENTRADA AGREGADA--TÍTULO RELACIONADO/ANALÍTICO NO CONTROLADO | |
| Título relacionado o analítico no controlado | El Cristo de Velázquez: creación y creencia. |
| 852 ## - LOCALIZACIÓN | |
| Ubicación | ES-MaACL |
| itemnumber | 187781 |
| Sublocalización o colección | R.145756 |
| Número de control de estantería | A-12182 |
| Ubicación en estantería | Depósito 1 |
| Signatura antigua | Olim: N-5187 |
| 852 ## - LOCALIZACIÓN | |
| Ubicación | ES-MaACL |
| itemnumber | 200568 |
| Sublocalización o colección | R.145757 |
| Número de control de estantería | A-12183 |
| Signatura antigua | Olim: N-5188 |
| Ubicación en estantería | Depósito 1 |
| Nota libre | Dedicatoria autógrafa del autor |
| 903 ## - NOMBRE PERSONAL DE DONANTE | |
| a | Maurer, Christopher, |
| d | 1949- |
| e | Donante |
| 9 | 79238 |
| 942 ## - ELEMENTOS DE ENTRADA SECUNDARIOS (KOHA) | |
| Fuente del sistema de clasificación o colocación | Clasificación decimal universal |
| Estatus retirado | Estado de pérdida | Fuente del sistema de clasificación o colocación | Estado de daño | No para préstamo | Biblioteca de origen | Biblioteca actual | Ubicación en estantería | Fecha de adquisición | Fuente de adquisición | Total de préstamos | Signatura topográfica completa | Código de barras | Visto por última vez | Precio de reemplazo | Tipo de ítem Koha | Colección | Enumeración/cronología de publicación seriada | Nota pública |
|---|---|---|---|---|---|---|---|---|---|---|---|---|---|---|---|---|---|---|
| Clasificación decimal universal | Biblioteca del Ateneo de Madrid | Biblioteca del Ateneo de Madrid | Sala Pecera Depósito 2 | 21/08/2012 | Donación | A-12182 | 1190099 | 23/02/2023 | 23/02/2023 | Libro impreso | ||||||||
| Clasificación decimal universal | Biblioteca del Ateneo de Madrid | Biblioteca del Ateneo de Madrid | Depósito 1 | 02/10/2023 | Donación | A-12183 | 101205863 | 02/10/2023 | 02/10/2023 | Libro impreso | Libros con dedicatorias | Libro anejo | Dedicatoria autógrafa del autor |
